Top 10 Songs by Bob Seger and the Silver Bullet Band - Statistics

General Stats
  • This quiz has been taken 7 times
  • The average score is 4 of 10
Answer Stats
Hint Answer % Correct
2 Night Moves
71%
4 Against the Wind
57%
8 Like a Rock
57%
1 Old Time Rock & Roll
57%
7 Turn the Page
57%
6 Hollywood Nights
29%
5 Mainstreet
29%
9 Roll Me Away
14%
3 Still the Same
14%
10 We've Got Tonight
14%
No matching quizzes found
Score Distribution
Percent of People with Each Score
Percentile by Number Answered
Your Score History
You have not taken this quiz